01817nam a22002417a 4500003000900000008004100009040007100050082002900121110005500150245006800205260003200273300002900305440007400334505093800408650002301346650002601369650001501395700002401410700003101434700003101465700002401496710005501520AR-CdUCM190425b ||||| |||| 00| 0 spa d aMUNICIPALIDAD PROVINCIAL DEL CUSCOcBIBLIOTECA MUNICIPAL DEL CUSCO aRev.Univ/N°126-129/1967 aUniversidad Nacional de San Antonio Abad del Cusco aRevista Universitaria :bÓrgano de la Universidad del Cuzco / aCusco :bH.G. Rozas,c1967. a498 páginas. :c20 cm. aRevista UniversitarianAño LIII-LIV, 1964-1965, N°126-127,128-129. aContenido: El paleozoico superior en ele Perú. Carlos Kalafatovich Valle. -- La radio astronomía una nueva rama de las ciencias. Hans Rothgiesser Hansen. -- Síntesis de la flora de las provincias de Canas, Espinar y Chumbivilcas. César Vargas Calderón. -- El problemas Zootécnico de la producción de leche en el departamento del Cusco. Hugo Héctor Tejada Mercado. -- Una nueva hipótesis en el campo de la genética. Jorge Kuon Cabello. -- La rehabilitación. Julio A. Vizcarra. -- Dos poetas cuzqueños Abraham Vizcarra Echave, Carmela Perea de Thompson. Luis Nieto Miranda. -- Contratos de transferencia de dominio de predios rústicos y urbanos celebrados en las notarías públicas de la ciudad del Cuzco periodo 1952-1961. Gustavo Palacios Pimentel. Crónicas Universitarias. Homenaje póstumo a Jorge Chávez Chaparro. -- Eugenesia necesidad de su aplicación en el Perú. Bertha Degregori de Nieto. aRadio Astronomía aLiteratura cusqueña aZootecnia  aKuon Cabello, Jorge aKalafatovich Valle, Carlos aVargas Calderón, César aNieto Miranda, Luis aUniversidad Nacional de San Antonio Abad del Cusco